Samurai

Guardado en:
Detalles Bibliográficos
Autor principal: Sakai, Saburo
Formato: Libro
Lenguaje:Undetermined
Publicado: Times Mirror New English Library 1957
Materias:
Etiquetas: Agregar Etiqueta
Sin Etiquetas, Sea el primero en etiquetar este registro!
Thư viện lưu trữ: Trung tâm Học liệu Trường Đại học Cần Thơ
LEADER 00523nam a2200181Ia 4500
001 CTU_114455
008 210402s9999 xx 000 0 und d
082 |a 940.544 
082 |b S158/1957 
100 |a Sakai, Saburo 
245 0 |a Samurai 
245 0 |c Saburo Sakai 
260 |a Times Mirror 
260 |b New English Library 
260 |c 1957 
650 |a Sakai, saburo,Japan. kaigun,World war, 1939-1945 
650 |x Biography,Aerial operations, japanese 
980 |a Trung tâm Học liệu Trường Đại học Cần Thơ